Seriedad con las cosas: córdula o el caso auténtico

Saved in:
Bibliografiske detaljer
Hovedforfatter: Balthasar, Hans Urs von (Author)
Format: Bog
Sprog:spansk
Udgivet: Salamanca Sígueme 1968
Serier:Colección Estela, 65
Fag:
Tags: Tilføj Tag
Ingen Tags, Vær først til at tagge denne postø!

MARC

LEADER 00000nam a2200000 a 4500
001 UCL5114
003 CL-VaPUC
008 040305e19680000CL |||||||||||||||||spa|d
082 0 4 |a 248.482  |b BAL  |2 21 
100 0 |a Balthasar, Hans Urs von  |e author  |9 482791 
245 1 0 |a Seriedad con las cosas: córdula o el caso auténtico 
300 |a 141 p 
942 |c BK 
945 |d 20040305 00:00:00  |a vberengu 
260 |a Salamanca  |b Sígueme  |c 1968 
650 0 |a Vida cristiana  |9 258753 
583 |a last modification  |c 20040305 00:00:00  |k Rodrigo Vera 
490 0 |a Colección Estela, 65 
999 |c 307783  |d 307781 
952 |0 0  |1 0  |4 0  |6 248_482000000000000_BAL_1968  |7 0  |8 A  |9 373902  |a BIBTEO  |b BIBTEO  |d 2019-11-21  |i 2104164  |o 248.482 BAL 1968  |p 2104164  |r 2025-01-17  |w 2019-11-21  |y BK  |k ICR